東京駅から200kmの自治体 - Statistics

General Stats
  • This quiz has been taken 75 times
  • The average score is 27 of 43
Answer Stats
Hint Answer % Correct
静岡県 浜松市
96%
静岡県 磐田市
87%
長野県 長野市
86%
新潟県 長岡市
84%
福島県 郡山市
84%
福島県 会津若松市
81%
長野県 松本市
80%
福島県 いわき市
80%
新潟県 上越市
77%
新潟県 柏崎市
75%
静岡県 袋井市
74%
岐阜県 中津川市
74%
新潟県 妙高市
72%
新潟県 魚沼市
72%
福島県 只見町
72%
愛知県 豊根村
70%
長野県 大町市
70%
愛知県 設楽町
68%
長野県 安曇野市
68%
福島県 猪苗代町
68%
岐阜県 高山市
67%
福島県 会津美里町
65%
岐阜県 恵那市
64%
長野県 白馬村
62%
新潟県 三条市
62%
愛知県 東栄町
58%
長野県 木曽町
58%
長野県 南木曽町
57%
新潟県 小千谷市
57%
福島県 田村市
57%
福島県 三春町
54%
長野県 王滝村
49%
長野県 根羽村
48%
福島県 広野町
48%
福島県 金山町
46%
長野県 上松町
45%
福島県 楢葉町
43%
長野県 平谷村
42%
長野県 大桑村
42%
福島県 小野町
42%
福島県 柳津町
41%
福島県 三島町
39%
福島県 川内村
33%
No matching quizzes found
Score Distribution
Percent of People with Each Score
Percentile by Number Answered
Your Score History
You have not taken this quiz